000 00580nam a22002057a 4500
005 20240814173957.0
008 s1938 eng d
041 _aeng
100 0 _aLaski, Harold J.
245 1 0 _aParliamentary goverment in England : a commentary
260 3 _aLondon
_c1938
300 _a453 p. ;
_b 21 cm.
650 0 4 _aLegislative bodies -- Great Britain
650 0 4 _aParliamentary practice -- Great Britain
850 _aNALT
942 _cLB
997 _c000000000020855
998 _aAREERAT VICHACHANG
_j25
_k นีลวัสน์ อินทรักษา
999 _c20855
_d20855
090 _aKD219.G7.1 L37P 1938